000 00510ntaaa2200193 4500
003 01
005 20251027202424.0
008 0714s1973 ag 01
040 _aAR-BaBN
_bspa
_cAR-BaBN
_eaacr
_dRIC
082 _a289.6000 J72
100 _aJones, Rufus M.
_912681
245 _aLa fe y la experiencia de los Cuáqueros
250 _a1 ed.
260 _aMexico :
_bCasa Unida de Publicaciones,
_cc1946
300 _a185 p
650 _acuáqueros
_912682
650 _aiglesia-cuáqueros
_923080
942 _cBK
999 _c19161
_d19161